Teams Beaten by FRANCE When Winning the FIFA World Cup - Statistics

General Stats
  • This quiz has been taken 51 times
  • The average score is 10 of 13
Answer Stats
FIFA World
Cup Year
Stage Answer % Correct
1998 Semi-finals Croatia
98%
2018 Final Croatia
98%
2018 Semi-finals Belgium
93%
1998 Final Brazil
93%
2018 Round of 16 Argentina
91%
1998 Quarter-finals Italy
80%
2018 Group Stage Australia
72%
2018 Quarter-finals Uruguay
70%
2018 Group Stage Peru
65%
1998 Group Stage Denmark
61%
1998 Group Stage Saudi Arabia
61%
1998 Group Stage South Africa
59%
1998 Round of 16 Paraguay
57%
No matching quizzes found
Score Distribution
Percent of People with Each Score
Percentile by Number Answered
Your Score History
You have not taken this quiz